The Fontana biographical companion to modern thought / (Record no. 3656)

000 -LEADER
fixed length control field 01071cam a2200313 a 4500
001 - CONTROL NUMBER
control field 943129
003 - CONTROL NUMBER IDENTIFIER
control field OSt
005 - DATE AND TIME OF LATEST TRANSACTION
control field 20161018123156.0
008 - FIXED-LENGTH DATA ELEMENTS--GENERAL INFORMATION
fixed length control field 830812s1983 enk b 001 0ceng
010 ## - LIBRARY OF CONGRESS CONTROL NUMBER
LC control number 83186255
020 ## - INTERNATIONAL STANDARD BOOK NUMBER
International Standard Book Number 0002163292 :
Terms of availability £15.95
040 ## - CATALOGING SOURCE
Original cataloging agency DLC
Transcribing agency DLC
Modifying agency DLC
082 00 - DEWEY DECIMAL CLASSIFICATION NUMBER
Classification number 920/.009/04
Edition number 19
245 04 - TITLE STATEMENT
Title The Fontana biographical companion to modern thought /
Statement of responsibility, etc edited by Alan Bullock and R.B. Woodings, with the assistance of John Cumming.
260 ## - PUBLICATION, DISTRIBUTION, ETC. (IMPRINT)
Place of publication, distribution, etc London :
Name of publisher, distributor, etc Collins,
Date of publication, distribution, etc 1983.
300 ## - PHYSICAL DESCRIPTION
Extent xxv, 867 p. ;
Dimensions 23 cm.
500 ## - GENERAL NOTE
General note Companion volume to The Fontana dictionary of modern thought.
504 ## - BIBLIOGRAPHY, ETC. NOTE
Bibliography, etc Includes bibliographies and index.
650 #0 - SUBJECT ADDED ENTRY--TOPICAL TERM
Topical term or geographic name as entry element Biography
Chronological subdivision 20th century.
650 #0 - SUBJECT ADDED ENTRY--TOPICAL TERM
Topical term or geographic name as entry element Scientists
General subdivision Biography.
650 #0 - SUBJECT ADDED ENTRY--TOPICAL TERM
Topical term or geographic name as entry element Artists
General subdivision Biography.
650 #0 - SUBJECT ADDED ENTRY--TOPICAL TERM
Topical term or geographic name as entry element Scholars
General subdivision Biography.
700 1# - ADDED ENTRY--PERSONAL NAME
Personal name Bullock, Alan,
Dates associated with a name 1914-2004.
700 1# - ADDED ENTRY--PERSONAL NAME
Personal name Woodings, R. B.
Fuller form of name (Robert Bertram)
700 1# - ADDED ENTRY--PERSONAL NAME
Personal name Cumming, John.
730 0# - ADDED ENTRY--UNIFORM TITLE
Uniform title Fontana dictionary of modern thought.
906 ## - LOCAL DATA ELEMENT F, LDF (RLIN)
a 7
b cbc
c orignew
d 2
e ncip
f 19
g y-gencatlg
942 ## - ADDED ENTRY ELEMENTS (KOHA)
Source of classification or shelving scheme
Koha item type Book
Holdings
Withdrawn status Lost status Source of classification or shelving scheme Damaged status Not for loan Home library Current library Shelving location Date acquired Total Checkouts Full call number Barcode Date last seen Copy number Price effective from Koha item type
          Riara University Library Riara University Library General stack 18/10/2016   CT120.F65 1983 8000/16 18/10/2016 C.1 18/10/2016 Book

Riara University Library,
P.O. Box 49940-00100,
Nairobi, Kenya.